• 首页
  • 本馆介绍
  • 公告通知
  • 最新文献
  • 馆藏检索
  • 电子资源
  • 读者导购
  • 参考咨询
  • 我的图书馆
  • 登录
  • 详细信息显示
  • 放入我的书架
  • 预约/预借图书
  • 作者相关作品
  • 分类相关作品
  • 丛书相关作品
  • 出版社相关作品

书目信息

  • 表格格式
  • 工作单格式
  • 卡片格式
题名:
中国近代文化思潮
    
 
作者: 丁伟志 , 陈崧 著
分册: 上卷   中西体用之间
出版信息: 北京   社会科学文献出版社  2011.01
页数: 358页
开本: 23cm
丛书名: 中国社会科学院文库
单 册:
中图分类: K250.3 , K252.03
科图分类:
主题词: 文化思潮--研究--中国--近代 , 文化思潮--研究--中国--清后期 , 文化思潮
电子资源:
ISBN: 978-7-5097-2021-9
000 01282oam2 2200325 450
001 010010073099
005 20120619161334.87
010    @a978-7-5097-2021-9@dCNY64.00,128.00(全2册)
100    @a20110122d2011 em y0chiy0110 ea
101 0  @achi
102    @aCN@b110000
105    @ay z 000yy
106    @ar
200 1  @a中国近代文化思潮@9zhong guo jin dai wen hua si chao@h上卷@i中西体用之间@e晚清文化思潮述论@dA review of cultural trends of thought in the late Qing dynasty@f丁伟志,陈崧著@zeng
210    @a北京@c社会科学文献出版社@d2011.01
215    @a358页@d23cm
225 2  @a中国社会科学院文库@i历史考古研究系列
330    @a本书主要内容包括:中西文化的一场遭遇战;洋务自强运动引发的中学西学之争;为维新变法立论的康梁“新学”之兴起;辛亥革命前十年文化观念的演变等。
462  0 @12001 @a历史考古研究系列
510 1  @aReview of cultural trends of thought in the late Qing dynasty@zeng
517 1  @a晚清文化思潮述论@9wan qing wen hua si chao shu lun
606 0  @a文化思潮@x研究@y中国@z近代
606 0  @a文化思潮@x研究@y中国@z清后期
606 0  @a文化思潮
690    @aK250.3@v4
690    @aK252.03@v4
701  0 @a丁伟志@9ding wei zhi@4著
701  0 @a陈崧@9chen song@4著
801  0 @aCN@bRENTIAN@c20110122
905    @b540159-63@dK250.3@e184:1@f5
    
    中国近代文化思潮.上卷.中西体用之间:晚清文化思潮述论=A review of cultural trends of thought in the late Qing dynasty/丁伟志,陈崧著.-北京:社会科学文献出版社,2011.01
    358页;23cm.-(中国社会科学院文库.历史考古研究系列)
    
    
    ISBN 978-7-5097-2021-9:CNY64.00,128.00(全2册)
    本书主要内容包括:中西文化的一场遭遇战;洋务自强运动引发的中学西学之争;为维新变法立论的康梁“新学”之兴起;辛亥革命前十年文化观念的演变等。
●
相关链接 在E读中查询图书 在五车中查询图书 在当当中查询图书 在豆瓣中查询图书


正题名:中国近代文化思潮     索取号:K250.3/184:1         预约/预借

序号 登录号 条形码 馆藏地/架位号 状态 备注
1 540159   205401590   第二样本阅览室/ [索取号:K250.3/184:1] 在馆    
2 540160   205401607   第二借阅区/ [索取号:K250.3/184:1] 在馆    
3 540161   205401616   第二借阅区/ [索取号:K250.3/184:1] 在馆    
4 540162   205401625   第二借阅区/ [索取号:K250.3/184:1] 在馆    
5 540163   205401634   密集书库-史法系/ [索取号:K250.3/184:1] 在馆    
唐山师范学院图书馆 欢迎您!
大连网信软件有限公司© 版权所有